000 00485nam a22001577u 4500
008 130405s1969 xxu||||| |||| 00| 0 spa d
041 _aspa
100 1 _aMartínez Cavero, Mateo
_929474
245 0 0 _aMatrimonio, concilio y posconcilio
_cMateo Martínez Cavero, Enrique Valcarce Alfayate
260 _aMadrid:
_bStudium,
_c1969
300 _a114 p.
_c;18 cm.
650 0 4 _aSacramentos
_xNatalidad
_913883
700 1 _aValcarce Alfayate, Enrique
_928360
942 _cBK
001 32273
999 _c256543
_d256543